"Blue Velvet" - All Lyrics (Lana Del Rey) - Statistics

General Stats
  • This quiz has been taken 12 times
  • The average score is 59 of 90
Answer Stats
Lyrics % Correct
a
100%
a
100%
a
100%
blue
100%
blue
100%
Blue
100%
blue
100%
the
100%
the
100%
the
100%
the
100%
the
100%
the
100%
velvet
100%
velvet
100%
velvet
100%
velvet
100%
velvet
100%
velvet
100%
Bluer
91%
Bluer
91%
She
91%
She
91%
she
91%
than
91%
than
91%
than
91%
than
91%
was
91%
was
91%
was
91%
was
91%
wore
91%
wore
91%
can
82%
her
82%
her
82%
I
82%
I
82%
Softer
82%
and
73%
And
73%
eyes
73%
light
73%
my
73%
my
73%
night
73%
of
64%
see
64%
still
64%
tears
64%
were
64%
From
55%
gone
55%
left,
55%
Through
55%
through
55%
Like
45%
Mmm
45%
satin
45%
stars
45%
when
45%
brightly
36%
burning
36%
But,
36%
But,
36%
Feeling
36%
flame
36%
glow
36%
grow
36%
in
36%
Love
36%
love
36%
ours
36%
Ours
36%
rapture
36%
tightly
36%
always
27%
be
27%
heart,
27%
May,
27%
tender
27%
there'll
27%
warm,
27%
Warmer
27%
years
27%
held
18%
memory
18%
Precious
18%
sighs
18%
No matching quizzes found
Score Distribution
Percent of People with Each Score
Percentile by Number Answered
Your Score History
You have not taken this quiz